| 000 | 05935cam a22008054i 4500 | ||
|---|---|---|---|
| 001 | u50801 | ||
| 003 | PE-LiUPU | ||
| 005 | 20250731165613.0 | ||
| 008 | 150706s2010 pe a rb 000 0 spa d | ||
| 020 | _a9786124034503 | ||
| 035 | _a(Sirsi) i9786124034503 | ||
| 040 |
_aPE-LiUPU _bspa _cPE-LiUPU _erda |
||
| 082 | 0 | 4 |
_a001.42 _bQ39 2010 |
| 082 | 0 | 4 |
_a001.42 _bQ5 _221 |
| 100 | 1 |
_aQuezada Lucio, Nel, _d1970- , _eautor. |
|
| 245 | 1 | 0 |
_aMetodología de la investigación : _bestadística aplicada en la investigación / _cNel Quezada Lucio. |
| 250 | _aPrimera edición. | ||
| 264 | 1 |
_aLima : _bMacro, _c2010. |
|
| 300 |
_a334 páginas : _bilustraciones ; _c25 centímetros. |
||
| 336 |
_atext _2rdacontent |
||
| 337 |
_aunmediated _2rdamedia |
||
| 338 |
_avolume _2rdacarrier |
||
| 504 | _aBibliografía : página 323. | ||
| 505 | 0 | _aMetodología de la investigación científica -- Investigación -- Métodos y técnicas de investigación -- El diseño de la investigación -- El método científico -- Modelos de investigación -- Planteamiento del problema -- Metodología y diseño muestral -- Recolectar datos o información -- Procesamiento de datos o información -- Estadísticas descriptivas -- Correlación -- Regresión -- Prueba de hipótesis -- Modelos lineal general - ANOVA -- Pruebas no paramétricas -- Conglomerados de K medias -- Series temporales -- Supervivencia y respuestas múltiples. | |
| 526 | _aSEG44 | ||
| 526 | _aSEG26 | ||
| 526 | _aP151 | ||
| 526 | _aP150 | ||
| 526 | _aP149 | ||
| 526 | _aP146 | ||
| 526 | _aP145 | ||
| 526 | _aP126 | ||
| 526 | _aP125 | ||
| 526 | _aP92 | ||
| 526 | _aP75 | ||
| 526 | _aP74 | ||
| 526 | _aP27 | ||
| 526 | _aP15 | ||
| 541 | _g001-000065; | ||
| 541 | _g001-000065; | ||
| 541 | _g001-000065; | ||
| 541 | _g001-0035141; | ||
| 596 | _a1 2 3 | ||
| 650 | 0 | 4 |
_aInvestigación _xEstadística. |
| 650 | 0 | 4 |
_aInvestigación _xMetodología. |
| 910 |
_agl _bjv _cng _d20120511 |
||
| 910 |
_btqv _cwelc _d20160713 |
||
| 942 |
_2ddc _cBOOK |
||
| 994 |
_aC0 _bPEPRU |
||
| 949 |
_a001 Q5 2010 _wDEWEY _c1 _iFT02594 _d2018-5-28 _e2018-4-25 _lCCODEBUT1 _mBUT _n4 _p14.00 _r0 _sY _tBOOK _u2015-8-27 _xFCE _PP08 _0COMPRA _o.STAFF. Colección General |
||
| 949 |
_a001.42 Q39 2010 _wDEWEY _c1 _iFJ00895 _d2018-5-31 _e2018-5-28 _f2017-12-28 _g1 _lCCODEBUJ1 _mBUJ _n6 _p20.71 _q2 _r0 _sY _tBOOK _u2016-7-13 _xINGENIERIA _PP27 _0COMPRA _o.STAFF. Colección General Juliaca |
||
| 949 |
_a001.42 Q39 2010 _wDEWEY _c2 _iFJ00896 _d2018-5-31 _e2018-5-28 _f2017-12-28 _g1 _lCCODEBUJ1 _mBUJ _n5 _p20.71 _q3 _r0 _sY _tBOOK _u2016-7-13 _xINGENIERIA _PP27 _0COMPRA _o.STAFF. Colección General Juliaca |
||
| 949 |
_a001.42 Q39 2010 _wDEWEY _c3 _iFJ00897 _d2018-4-11 _e2018-4-6 _f2017-12-28 _g1 _lCCODEBUJ1 _mBUJ _n7 _p20.71 _r0 _sY _tBOOK _u2016-7-13 _xINGENIERIA _PP27 _0COMPRA _o.STAFF. Colección General Juliaca |
||
| 949 |
_a001.42 Q39 2010 _wDEWEY _c4 _iFJ00898 _d2017-9-20 _e2017-9-19 _f2017-12-28 _g1 _lCCODEBUJ1 _mBUJ _n3 _p20.71 _q1 _r0 _sY _tBOOK _u2016-7-13 _xINGENIERIA _PP27 _0COMPRA _o.STAFF. Colección General Juliaca |
||
| 949 |
_a001.42 Q5 _wDEWEY _c1 _i64551 _d2018-5-29 _e2018-4-16 _f2018-2-12 _g4 _lCCODEBUL1 _mBUL _n11 _p14.00 _q4 _r0 _sY _tBOOK _u2015-7-6 _xINGENIERIA _PP27 _0COMPRA _o.STAFF. Colección General |
||
| 949 |
_a001.42 Q5 _wDEWEY _c2 _i68562 _d2016-2-5 _e2016-1-28 _f2018-2-12 _g3 _lCCODEBUL1 _mBUL _n2 _p17.00 _r0 _sY _tBOOK _u2015-7-6 _xFCE _PP47 _0COMPRA _o.STAFF. Colección General |
||
| 949 |
_a001.42 Q5 _wDEWEY _c3 _i68563 _d2018-5-31 _e2018-5-31 _f2018-2-12 _g3 _kCHECKEDOUT _lCCODEBUL1 _mBUL _n6 _p17.00 _q2 _rM _sY _tBOOK _u2015-7-6 _xFCE _PP47 _0COMPRA _o.STAFF. Colección General |
||
| 949 |
_a001.42 Q5 _wDEWEY _c4 _i68564 _d2018-3-27 _e2015-12-27 _f2018-2-12 _g3 _lCCODEBUL1 _mBUL _n6 _p17.00 _q4 _r0 _sY _tBOOK _u2015-7-6 _xFCE _PP47 _0COMPRA _o.STAFF. Colección General |
||
| 999 |
_a001.42 Q5 _wDEWEY _c53270 _i64551 _d53270 _e2019-1-10 _f2021-11-4 _g7 _lCCODEBUL1 _mBUL _n12 _p14.00 _q5 _r0 _sY _tBOOK _u2015-7-6 _xBIBLIOTECA _PP27 _0COMPRA _o.STAFF. Colección General |
||
| 999 |
_a001.42 Q5 _wDEWEY _c2 _i68562 _d2019-11-21 _e2016-1-28 _f2021-11-4 _g6 _lCCODEBUL1 _mBUL _n2 _p17.00 _q3 _r0 _sY _tBOOK _u2015-7-6 _xBIBLIOTECA _PP47 _0COMPRA _o.STAFF. Colección General |
||
| 999 |
_a001.42 Q5 _wDEWEY _c3 _i68563 _d2019-12-2 _e2019-11-29 _f2021-11-4 _g6 _lCCODEBUL1 _mBUL _n15 _p17.00 _q2 _r0 _sY _tBOOK _u2015-7-6 _xBIBLIOTECA _PP47 _0COMPRA _o.STAFF. Colección General |
||
| 999 |
_a001.42 Q5 _wDEWEY _c4 _i68564 _d2019-11-13 _e2019-4-1 _f2021-11-4 _g6 _lCCODEBUL1 _mBUL _n8 _p17.00 _q7 _r0 _sY _tBOOK _u2015-7-6 _xBIBLIOTECA _PP47 _0COMPRA _o.STAFF. Colección General |
||
| 999 |
_a001 Q5 2010 _wDEWEY _c1 _iFT02594 _d2019-8-20 _e2019-8-15 _f2019-2-20 _g2 _lCCODEBUT1 _mBUT _n5 _p14.00 _r0 _sY _tBOOK _u2015-8-27 _xFCE _PP08 _0COMPRA _o.STAFF. Colección General |
||
| 999 |
_a001.42 Q39 2010 _wDEWEY _c1 _iFJ00895 _d2019-9-11 _e2019-9-11 _f2021-12-27 _g4 _lCCODEBUJ1 _mBUJ _n11 _p20.71 _q8 _r0 _sY _tBOOK _u2016-7-13 _xINGENIERIA _PP27 _0COMPRA _o.STAFF. Colección General Juliaca |
||
| 999 |
_a001.42 Q39 2010 _wDEWEY _c2 _iFJ00896 _d2019-10-22 _e2019-10-17 _f2021-12-27 _g4 _lCCODEBUJ1 _mBUJ _n11 _p20.71 _q6 _r0 _sY _tBOOK _u2016-7-13 _xINGENIERIA _PP27 _0COMPRA _o.STAFF. Colección General Juliaca |
||
| 999 |
_a001.42 Q39 2010 _wDEWEY _c3 _iFJ00897 _d2019-10-30 _e2019-10-17 _f2021-12-27 _g3 _lCCODEBUJ1 _mBUJ _n11 _p20.71 _q9 _r0 _sY _tBOOK _u2016-7-13 _xINGENIERIA _PP27 _0COMPRA _o.STAFF. Colección General Juliaca |
||
| 999 |
_a001.42 Q39 2010 _wDEWEY _c4 _iFJ00898 _d2019-7-12 _e2019-5-16 _f2021-12-27 _g3 _lCCODEBUJ1 _mBUJ _n4 _p20.71 _q11 _r0 _sY _tBOOK _u2016-7-13 _xINGENIERIA _PP27 _0COMPRA _o.STAFF. Colección General Juliaca |
||
| 980 |
_81 _gALBERTO SANCHEZ Responsable de Automatización |
||